| 000 | 00775nam a2200217Ii 4500 | ||
|---|---|---|---|
| 003 | JO-AjNU | ||
| 008 | 230605s9999||||xx |||||||||||||| ||und|| | ||
| 017 | _a1975/5176 | ||
| 040 |
_aJO-AjNU _bara _erda _cJO-AjNU |
||
| 041 | _aara | ||
| 050 | 1 | 4 | _aJE1358.H3.1975 |
| 100 | 3 |
_a عبد الهادي، حمدي أمين , _eauthor _948888 |
|
| 245 | 0 | 0 | _aالفكر الإداري الإسلامي والمقارن : الأصول العامة |
| 250 | _aط2 | ||
| 264 | 3 | 1 | _aالقاهرة : دار الفكر العربي ، 1975 |
| 300 | _a290ص | ||
| 336 |
_atext _btxt _2rdacontent |
||
| 337 |
_aunmediated _bn _2rdamedia |
||
| 338 |
_avolume _bnc _2rdacarrier |
||
| 650 | 4 |
_aالنظام الإداري في الإسلام -- الاسلام والادارة _948889 |
|
| 999 |
_aA21439 _c25007 _d25007 |
||